|
|
|
|
| LEADER |
00000cam a2200000 7i4500 |
| 001 |
0000002567 |
| 002 |
000002794 |
| 005 |
20000330.0 |
| 020 |
|
|
|a 1854102656
|
| 090 |
0 |
0 |
|a 745.1
|b ILL
|
| 245 |
0 |
4 |
|a The Illustrated history of antiques :
|b the essential reference for all antique lovers and collectors
|c edited by Huon Mallalieu
|
| 260 |
|
|
|a London :
|b Quarto Publishing ,
|c 1991
|
| 300 |
|
|
|a 640p. :
|b ill ;
|c 28cm.
|
| 650 |
0 |
0 |
|a Antiques
|x Private collections
|x History
|
| 700 |
0 |
|
|a Mallalieu, Huon ,
|e general editor
|
| 999 |
|
|
|a 036245
|b BUKU
|c RUJUKAN
|e PERPUSTAKAAN KOMUNITI PETALING JAYA
|